[Event "Azerbaijan Championship 2022"]
[Site "Nakhchivan"]
[Date "2022.02.10"]
[Round "6.8"]
[White "Bayramov, Elvin"]
[Black "Abbasov, Farid"]
[Result "1/2-1/2"]
[WhiteElo "2280"]
[BlackElo "2527"]
[Annotator "TA"]
[PlyCount "83"]
[EventDate "2022.02.05"]
[EventCountry "AZE"]
[SourceTitle "playchess.com"]
[Source "ChessBase"]
[SourceQuality "1"]

{[%evp 18,83,-4,0,14,21,7,10,64,33,65,62,44,42,94,93,84,84,84,84,106,86,104,91,91,84,84,84,84,79,79,81,95,95,95,90,95,74,74,74,74,74,74,74,74,74,74,74,85,0,0,0,78,0,0,0,0,0,0,0,0,0,0,0,0,0,0,0]} 1. d4 e6 2. c4 f5 3. Nc3 Nf6 4. g3 d5 5. Bg2 c6 6. Nf3 Bd6 7. O-O O-O 8. c5 Bc7 9. Bf4 Bxf4 10. gxf4 Ne4 {A90: Dutch Defence: Miscellaneous and Modern Stonewall (with ...Bd6).} 11. e3 Nxc3 12. bxc3 {[%cal Oc3c4] [#]} Nd7 $146 ({Black should try} 12... b6 $1 $11) ({Predecessor:} 12... b6 13. Ne5 bxc5 14. dxc5 Ba6 15. c4 Qe7 16. cxd5 cxd5 17. Bxd5 Bxf1 18. Bxa8 Bh3 {1-0 (31) Sahidi,S (2405)-Schwarz,D (2291) Bratislava 2021}) 13. Qa4 b5 14. cxb6 {White is more active.} Nxb6 15. Qa5 (15. Qa3 {feels hotter.} a5 16. Rfb1 Ba6 17. Qxa5 Bb5 18. Qb4) 15... Nc4 (15... Qe8 $14) 16. Qxd8 $16 Rxd8 17. Rfb1 Ba6 18. Bf1 Rdb8 19. a4 {[%cal Ba2a4,Ba4a5][%mdl 32]} Rb6 20. Bxc4 Bxc4 21. Ne5 Rab8 22. Rxb6 Rxb6 {[%mdl 4096] Endgame KRB-KRN} 23. a5 (23. Nxc4 $6 dxc4 24. a5 Rb3 $11) 23... Rb3 24. Nxc6 a6 25. Nd8 Rxc3 26. Nxe6 Kf7 27. Nc5 Bb5 28. Kg2 Rc2 29. Kg3 Ke7 30. h4 {[%cal Bh2h4,Bh4h5][%mdl 32]} Rb2 31. h5 h6 32. Rg1 Kf7 33. Nb7 {Rc1 is the strong threat.} Bd7 $1 34. Nc5 {[%csl LRa6,LRd7]} Bb5 35. Kh4 (35. Rc1 $16) 35... Rxf2 $11 {The position is equal.} 36. Rg6 Bf1 37. Nd7 ({But not} 37. Nxa6 $2 Rf3 38. Rg3 Rxg3 39. Kxg3 Bxa6 $19) 37... Rh2+ 38. Kg3 Rg2+ 39. Kf3 Rxg6 40. Ne5+ Kf6 41. hxg6 Bb5 42. Kg3 {Weighted Error Value: White=0.09 (flawless) /Black=0.07 (flawless)} 1/2-1/2

[Event "Azerbaijan Championship 2022"]
[Site "Nakhchivan"]
[Date "2022.02.10"]
[Round "6.9"]
[White "Mammadov, Sadig"]
[Black "Sevdimaliyev, Urfan"]
[Result "1/2-1/2"]
[WhiteElo "2220"]
[BlackElo "2359"]
[Annotator "TA"]
[PlyCount "158"]
[EventDate "2022.02.05"]
[EventCountry "AZE"]
[SourceTitle "playchess.com"]
[Source "ChessBase"]
[SourceQuality "1"]

{[%evp 10,158,-8,-15,0,0,0,-7,-7,-14,0,-14,10,21,24,-18,-18,-8,0,-33,0,-8,0,0,32,28,32,31,22,0,0,0,21,0,0,0,0,-16,-9,-20,0,-12,0,0,0,0,0,6,14,19,13,12,62,60,66,68,41,35,35,33,181,177,264,257,270,273,327,324,314,323,349,366,370,248,382,363,466,460,393,252,253,235,281,81,87,88,88,88,77,73,665,210,210,209,200,197,236,110,110,110,93,8,16,16,25,0,0,0,0,0,0,0,0,0,0,0,0,0,0,0,0,0,0,0,33,33,33,8,33,33,33,33,33,33,33,33,33,8,33,33,33,33,33,33,33,33,33,0,0,0,0]} 1. d4 Nf6 2. c4 b6 3. Nf3 Bb7 4. Bg5 e6 5. a3 Be7 6. Nc3 h6 {E12: Queen's Indian: Unusual White 4th moves, 4 a3, 4 Nc3 Bb7 5 a3 and 4 Nc3 Bb7 .} 7. Bxf6 Bxf6 8. e4 d6 9. Be2 O-O {[#]} 10. Qc2 $146 ({Predecessor:} 10. O-O Nc6 11. b4 a5 12. b5 Ne7 13. e5 Bg5 14. h4 Bf4 15. g3 Nf5 16. gxf4 Nxh4 {1-0 (27) Geutebrueck,S-Schulte,H freechess.de 2016}) 10... Nc6 11. Rd1 {[%cal Oe4e5]} e5 {[%cal Rc6d4]} 12. dxe5 (12. d5 $142 $1 Nb8 13. O-O) 12... Nxe5 $11 {[%cal Bc6e5,Be5g6,Bg6f4][%mdl 32]} (12... Bxe5 13. Nxe5 Nxe5 14. O-O $14) 13. Nd4 Ng6 14. Nf5 Re8 15. O-O Nf4 16. Nd5 Be5 17. g3 Nxe2+ 18. Qxe2 Bc8 19. Nde3 Bf6 20. Qc2 h5 21. Nd5 g6 22. Nfe3 Bg7 23. Rfe1 a5 24. Ng2 Bg4 {A strong pair of Bishops.} 25. Rd3 c6 26. Nc3 Qc7 27. f3 Be6 28. Ne3 Rad8 29. Red1 Qe7 30. Qd2 {[%cal Rd3d6]} Bh6 (30... Be5 $11) 31. f4 $14 Bf8 32. e5 {And now Ne4 would win.} f5 {Inhibits Ne4.} 33. exf6 Qxf6 34. Ne4 $36 {[%csl LRd6,LRf6][%mdl 2048] White has some pressure.} Qe7 (34... Qg7 $14) 35. Nxd6 $18 Bh3 (35... Qxd6 {might work better.} 36. Rxd6 Rxd6 37. Qxd6 Bxd6 38. Rxd6 Bh3) 36. c5 {[%cal Bc4c5,Bc5b6,Bb6b7][%mdl 32]} (36. Nxe8 $6 Rxd3 37. Qxd3 Qxe8 $18) 36... Qe6 37. Nxe8 Rxe8 38. cxb6 Bc5 {[#]} 39. b7 Qe7 {[#]} (39... Bb6 40. Qc3) 40. Qc3 $1 {[%cal Oc3e5] Threatens to win with Qe5!} Bf5 41. Rd4 Bxd4 (41... Bg4 $142) 42. Rxd4 (42. Qxd4 Qxb7 43. Nxf5 gxf5 44. Qc4+ Qf7 45. Qxc6 h4 $18) 42... Qxb7 43. Nxf5 gxf5 {[%mdl 4096] Endgame KQR-KQR} 44. Qc4+ Kg7 45. Rd2 Qb6+ 46. Qd4+ $2 (46. Kg2 $18 {White threatens Rd7+ and mate.} Qe3 47. Rd7+ Re7 48. Rxe7+ (48. Qxc6 Qe2+ 49. Kg1 Qe1+ 50. Kg2 Qe2+ 51. Kh3 Qg4+ 52. Kg2 Qe2+ $11) 48... Qxe7 49. Kh3) 46... Qxd4+ $16 47. Rxd4 {KR-KR} Re2 {[%cal Oh5h4]} 48. Rd7+ Kf6 49. Rd6+ Re6 $2 {[%mdl 8192]} (49... Kg7 $16) 50. Rd2 $2 (50. Rxe6+ Kxe6 51. Kg2) 50... h4 {[#]} 51. Kg2 ({Resist} 51. gxh4 Kg6 $16) 51... hxg3 52. hxg3 c5 53. Kf3 (53. Rc2 $18 {has better winning chances.}) 53... Rb6 54. Rc2 a4 55. Re2 ({Reject} 55. Rxc5 $6 Rxb2 56. Rc6+ Kg7 $11) ({Better is} 55. Kg2 $16) 55... Rb5 56. Kg2 Rb7 57. g4 fxg4 {Strongly threatening ...Kf5.} 58. Kg3 Kf5 59. Re5+ Kf6 60. Re2 Kf5 {aiming for ...Rb3+.} 61. Re5+ Kf6 62. Kxg4 Rxb2 63. Rxc5 {Rc6+ is the strong threat.} Rb3 64. Rc6+ Ke7 65. Ra6 Rxa3 66. Kf5 Rb3 67. Ra7+ Kf8 68. Rxa4 (68. Kf6 $5 {[%cal Ra7a8]} Rb6+ 69. Kg5 $11) 68... Rb5+ 69. Kg6 Rb6+ 70. Kg5 Kf7 71. Ra7+ Kf8 72. Rh7 Ra6 73. Rh2 Kf7 74. f5 Rb6 75. Rh7+ Kf8 76. Rc7 Ra6 77. Rc5 Kf7 78. f6 {Black must now prevent Rc7+.} Ra1 79. Rc7+ Kf8 {White really could win this.  Weighted Error Value: White=0.32/Black=0.35} 1/2-1/2

[Event "Azerbaijan Championship 2022"]
[Site "Nakhchivan"]
[Date "2022.02.10"]
[Round "6.10"]
[White "Bayramov, Zaur"]
[Black "Manafov, Vugar"]
[Result "1-0"]
[WhiteElo "2357"]
[BlackElo "2299"]
[Annotator "TA"]
[PlyCount "117"]
[EventDate "2022.02.05"]
[EventCountry "AZE"]
[SourceTitle "playchess.com"]
[Source "ChessBase"]
[SourceQuality "1"]

{[%evp 10,117,64,54,53,44,57,39,54,45,46,55,51,36,45,5,29,-14,36,49,63,46,32,31,77,27,27,29,39,38,31,30,38,39,110,39,50,52,53,56,55,29,7,11,30,27,39,38,66,75,72,75,73,43,83,47,54,0,94,22,75,67,95,58,35,46,45,66,274,266,458,451,434,258,195,116,260,50,69,84,807,733,571,489,835,827,822,818,-360,791,752,622,12841,12841,12841,12842,12842,12843,12843,12843,12844,12843,12842,12843,12841,12841,29992,29993,29993,29993]} 1. e4 {[%cal Be2e4,Be4e5][%mdl 32]} Nf6 2. e5 Nd5 3. d4 d6 4. Nf3 Nb6 5. a4 a5 6. Nc3 g6 {B04: Alekhine's Defence: 4 Nf3.} 7. exd6 cxd6 8. Bb5+ Bd7 {White is slightly better.} 9. O-O Bg7 10. Re1 (10. Bg5 {with more complications.} O-O 11. Re1 Re8 12. Be2 Nc6 13. Nb5) 10... O-O {[#]} 11. Bxd7 $146 (11. Bg5 {is more complex.} Re8 12. Qd2 Na6 13. b3 Bc6 14. Rad1) ({Predecessor:} 11. Bg5 Re8 12. Qe2 Bxb5 13. Nxb5 Nc6 14. c3 Qd7 15. Qd3 Na7 16. d5 Nxb5 17. axb5 {½-½ (41) Svane,F (2493)-Mustafayev,F (2322) Chess.com INT 2022}) 11... Qxd7 12. Bf4 Nc6 13. Nb5 (13. b3 $1 {deserves consideration.}) 13... Rad8 (13... Qf5 $11 14. Bc1 h6) 14. c3 $14 {[%cal Bc2c3,Bc3c4][%mdl 32]} Qf5 15. Bg5 Rd7 16. h3 {Hoping for g4.} f6 (16... h6 $14 17. g4 Qd5) 17. Bh4 (17. Bc1 $16) 17... Qd5 $11 18. b3 e5 19. c4 Qf7 20. Qe2 h6 21. Bg3 Re8 (21... Nc8 $14) 22. Rad1 ({Much worse is} 22. Qe3 $6 Nc8 $11) (22. d5 $1 $16 {[%cal Rd5c6]} Ne7 23. Nfd4 $1) 22... Nc8 23. d5 N6e7 24. Qd2 b6 25. b4 axb4 26. Qxb4 Nf5 27. Bh2 h5 28. Qb1 $36 {[%mdl 2048] White has the initiative.} Nce7 29. Nd2 g5 30. Ne4 {g4 is the strong threat.} g4 31. Kh1 Qg6 32. Qd3 Ra8 33. Qe2 (33. f3 $14) 33... Rxa4 (33... gxh3 34. gxh3 h4 35. Rg1 $18) (33... Nc8 $11) 34. Ra1 (34. f3 $16) 34... gxh3 35. gxh3 $16 Nh4 {[%csl Gh4][%cal Rg6g2]} 36. f3 {Active counter play!} Rxa1 37. Rxa1 Qf5 $1 {[%csl LRf3,LRh3]} 38. Nbxd6 Qxh3 $2 (38... Qxf3+ $14 39. Qxf3 Nxf3) 39. Rg1 $1 $18 Nhg6 $2 (39... Rxd6 40. Nxd6 Kf8) 40. Rg3 Qh4 41. Qa2 {To avoid Ra7} (41. Qf1 $142 Ra7 42. Rxg6 $1 {[%mdl 512]} Nxg6 43. Nf5) 41... Kh7 42. Qa8 {Prevents Rd8.} (42. Qa1 $1 $18) 42... Qf4 {[#]} (42... Bh6 $16) 43. Rxg6 $1 {[%mdl 512] Really sharp!} Qxf3+ $14 44. Rg2 {Black must now prevent Qe8. White now steadily converts the win.} h4 $2 {[%mdl 8192] [#]} (44... Ng6 $16) 45. Nd2 $1 $18 Qd1+ (45... Qh5 46. Ne8) 46. Rg1 Qxd2 {[#]} (46... Qh5 $142 47. Qe8 Qxe8 48. Nxe8 Nf5) 47. Qe8 $1 Qe2 {[#]} 48. Qf7 $1 {[%csl Gg1][%cal Rf7g7]} Qf3+ 49. Rg2 {[%csl Gg2][%cal Rf7g7]} Nf5 50. Qxd7 Ng3+ 51. Bxg3 Qf1+ 52. Kh2 {[%cal Bh1h2,Bh2h3,Bh3g3,Bg3g4,Bg4h4,Bh4g4,Bg4f5][%mdl 32] White wants to mate with Bf2.} hxg3+ 53. Kh3 {Nf5 would kill now.} Qh1+ 54. Kxg3 Qe1+ 55. Kg4 {Intending Rh2+ and mate.} Qd1+ 56. Kh4 {[%csl Gg2][%cal Rd7g7]} Qh1+ {[#]} 57. Qh3 $1 Qe1+ 58. Kg4+ Kg8 59. Kf5 {Weighted Error Value: White=0.34/Black=0.33} 1-0

[Event "Azerbaijan Championship 2022"]
[Site "Nakhchivan"]
[Date "2022.02.10"]
[Round "6.11"]
[White "Talibov, Shiroghlan"]
[Black "Mustafayev, Farid"]
[Result "1-0"]
[WhiteElo "2307"]
[BlackElo "2322"]
[Annotator "TA"]
[PlyCount "89"]
[EventDate "2022.02.05"]
[EventCountry "AZE"]
[SourceTitle "playchess.com"]
[Source "ChessBase"]
[SourceQuality "1"]

{[%evp 22,89,20,0,0,9,46,0,20,0,14,-22,0,0,66,64,137,136,137,140,142,139,129,146,122,122,122,129,127,118,131,135,173,173,362,339,310,310,318,318,345,211,212,205,193,197,204,208,206,204,179,200,175,150,157,150,150,150,150,143,143,143,143,143,143,143,143,30,270,30]} 1. c4 Nf6 2. Nc3 g6 3. e4 d6 4. d4 Bg7 5. f4 O-O 6. Nf3 c5 7. d5 e6 8. Be2 exd5 9. cxd5 Re8 10. Nd2 b6 11. O-O Ba6 12. a4 Bxe2 {A69: Modern Benoni: Four Pawns Attack with 9...Re8.} 13. Qxe2 Nbd7 {[%cal Of6e4]} (13... Nxe4 {keeps more tension.} 14. Ndxe4 f5 15. Be3 Qe7 16. Rae1 fxe4 17. f5 Nd7) 14. Qf3 {[#]} (14. Nc4 $5 {[%cal Rc4d6]} Nxe4 15. Nxe4 $14) 14... Qe7 $146 {[%cal Oc5c4] The position is equal.} ({Predecessor:} 14... a6 15. Nc4 Qc7 16. Kh1 Rab8 17. e5 dxe5 18. fxe5 Nxe5 19. Nxe5 Rxe5 20. Bf4 Nh5 21. Bxe5 Bxe5 {0-1 (71) Niklasson,C (2385)-Karlsson,L (2375) Malmo 1979}) 15. Re1 Nh5 16. Nc4 {Black must now prevent Nb5.} Bd4+ 17. Be3 {Strongly threatening Bxd4.} Bxc3 ({Black should play} 17... a6 $1 $11) 18. bxc3 $14 Nhf6 (18... Qxe4 $14 19. Qxe4 (19. Nxd6 Qxf3 20. gxf3 Red8 $14) 19... Rxe4 20. Nxd6 Re7) 19. e5 $1 $16 {White is more active.} dxe5 20. fxe5 Nxe5 21. Nxe5 Qxe5 {[#]} 22. Bd4 $36 {[%mdl 2624] Discovered Attack. White is really pushing.} Qxe1+ 23. Rxe1 Rxe1+ 24. Kf2 cxd4 25. Kxe1 {[%mdl 4096] Endgame KQ-KRN} Re8+ {[#]} 26. Kd1 $1 Ne4 27. cxd4 Nd6 $2 (27... h5 {is a better defense.} 28. d6 Nxd6) 28. Qf6 $18 Ne4 29. Qc6 Rd8 30. d6 {[%cal Bd5d6,Bd6d7][%mdl 32]} f5 31. d7 Kf7 32. Qc7 {[%csl LRa7,LRd8]} Ke7 33. Qxa7 Nc3+ 34. Kd2 Nd5 35. h4 Rxd7 36. Qb8 Rd6 37. Kd3 Kd7 (37... Nf4+ $2 38. Kc4 Nd5 39. Qh8) 38. Qg8 h5 39. Qg7+ Kd8 40. Qe5 Kd7 41. Kc4 {Threatens to win with Qxd5.} Ne7 42. Qg7 Kd8 43. Qf8+ Kd7 44. Kb5 (44. Qa8 $16) 44... Ke6 $2 {[#]} (44... Rxd4 $11 45. g3 (45. Kxb6 Rxa4 46. Kc5 Rxh4 $15) 45... Rg4) 45. Ka6 $2 {Weighted Error Value: White=0.18 (very precise) /Black=0.28 (precise)} ({Don't play} 45. Qg7 $6 Kd7 46. Qh8 Nd5 47. Qh7+ Ne7 $16) (45. Qe8 $1 $18) 1-0

[Event "Azerbaijan Championship 2022"]
[Site "Nakhchivan"]
[Date "2022.02.10"]
[Round "6.12"]
[White "Atakishiyev, Elmar"]
[Black "Babayev, Talib"]
[Result "0-1"]
[WhiteElo "2240"]
[BlackElo "2256"]
[Annotator "TA"]
[PlyCount "102"]
[EventDate "2022.02.05"]
[EventCountry "AZE"]
[SourceTitle "playchess.com"]
[Source "ChessBase"]
[SourceQuality "1"]

{[%evp 14,102,43,24,26,25,46,26,18,27,36,28,42,36,59,45,36,0,10,0,14,-39,-45,-42,31,58,105,-25,-35,-26,-28,-30,38,-42,-42,0,-9,-31,0,0,0,8,13,6,12,-13,-13,-45,-40,-40,-38,-217,-208,-396,-426,-420,-400,-472,-489,-482,-476,-463,-477,-466,-480,-443,-407,-439,-432,-556,-543,-658,-657,-989,-989,-890,-726,-1023,-1008,-1092,-1072,-1066,-989,-1276,-960,-815,-613,-759,-741,-660,-633]} 1. d4 d6 2. Nf3 Nf6 3. g3 g6 4. Bg2 Bg7 5. c4 O-O 6. O-O Nc6 7. Nc3 a6 8. Bf4 Rb8 {E63: King's Indian: Fianchetto: Panno Variation with 7...a6.} 9. Rc1 e6 {[#] 9...h6 is a critical line.} 10. d5 $146 ({Predecessor:} 10. Qd2 Ne7 11. e4 Nd7 12. Bh6 b5 13. Bxg7 Kxg7 14. cxb5 axb5 15. e5 Bb7 16. exd6 cxd6 {0-1 (48) Gabrielian,A (2456)-Weetik,V (2423) Chess.com INT 2021}) 10... Ne7 {White has an edge.} 11. dxe6 fxe6 12. Qd2 {[%cal Oc4c5]} b5 13. c5 {[%cal Rc5d6]} e5 {[#]} 14. cxd6 $1 cxd6 15. Be3 b4 $1 16. Na4 Nf5 17. Rfd1 (17. Ng5 $11) 17... Bd7 $15 18. b3 Bxa4 (18... Nxe3 $15 19. Qxe3 e4) 19. bxa4 $14 Qa5 {[#]} (19... Kh8 $14) 20. Bg5 (20. Ng5 $1 $16) 20... Ne4 $1 $11 21. Qd3 Nc3 $36 {[%mdl 2048] Black is pushing.} 22. e4 $1 Nxd1 ({Black should try} 22... Nd4 $11 23. Rd2 Rxf3 24. Bxf3 h6) 23. Rxd1 (23. Qxd1 $14 Nd4 24. Nxd4 exd4 25. Be7) 23... Nd4 $1 $15 24. Nxd4 exd4 25. Qb3+ $1 Rf7 (25... Kh8 $5 {[%cal Ra5g5]} 26. Be7 Rfc8 27. Bxd6 Rc3 $11) 26. e5 Qxe5 27. Bf4 Qf5 28. Bd5 Be5 29. Be6 {A strong pair of Bishops.} Qf6 30. Bxf7+ (30. Rd3 $5 {[%cal Rd3f3]} Re8 31. Bxf7+ Qxf7 32. Bd2 $11) 30... Qxf7 31. Bd2 a5 32. Bc1 $2 {This move loses the game for White.} (32. Rc1 $1 $15) 32... Rc8 33. Bb2 $2 (33. f4 {was worth a try.} Bg7 34. Bb2) 33... Qxb3 $19 34. axb3 {[%mdl 4096] Endgame [#] KRB-KRB} Rc3 $1 {[%mdl 512]} 35. Kf1 (35. Bxc3 bxc3 36. Kf1 c2 $19) (35. f4 Rxb3) 35... d3 36. f4 ({Wrong is} 36. Bxc3 $2 bxc3 37. Ke1 c2) 36... Bg7 ({But not} 36... Rxb3 $2 37. fxe5 Rxb2 38. exd6 $19) 37. Ke1 ({Avoid the trap} 37. Bxc3 $2 bxc3 38. Ke1 c2) 37... Rxb3 38. Bxg7 Kxg7 {KR-KR} 39. Kd2 Rc3 40. Re1 Kf7 {Prevents Re7+. Black is clearly winning.} 41. Re4 Ra3 {[%cal Bc3a3,Ba3a4,Ba4b4][%mdl 32]} 42. Rc4 Ke6 {...Kd5 is the strong threat.} 43. Rc7 Kd5 44. Ke3 Rxa4 45. Kxd3 b3 46. Kc3 Rb4 {( -> ...b2)} 47. Kb2 a4 {aiming for ...Rc4.} 48. Rc1 Ke4 {White must now prevent ...d5.} 49. Re1+ Kf5 {Strongly threatening ...Re4.} 50. Rd1 Rb6 51. h3 h5 {Weighted Error Value: White=0.47/Black=0.14 (very precise)} 0-1

[Event "Azerbaijan Championship 2022"]
[Site "Nakhchivan"]
[Date "2022.02.11"]
[Round "7.1"]
[White "Durarbayli, Vasif"]
[Black "Suleymanli, Aydin"]
[Result "0-1"]
[WhiteElo "2615"]
[BlackElo "2530"]
[Annotator "TA"]
[PlyCount "132"]
[EventDate "2022.02.05"]
[EventCountry "AZE"]
[SourceTitle "playchess.com"]
[Source "ChessBase"]
[SourceQuality "1"]

{[%evp 12,132,16,0,17,8,60,20,19,25,28,38,26,-37,-43,-45,-37,-28,-13,-61,-60,-107,-64,-51,-59,-87,-67,-49,-71,-54,-69,-64,-68,-83,-97,-114,-60,-60,-34,-42,-19,-156,-128,-121,-126,-120,-144,-155,-115,-185,-145,-229,-210,-235,-229,-244,-230,-245,-187,-189,-195,-197,-196,-186,-173,-227,-212,-279,-268,-322,-337,-506,-612,-633,-602,-1007,-949,-895,-810,-1548,-1393,-1290,-979,-1725,-2061,-1409,-811,-680,-591,-420,-578,-545,-175,-175,0,-526,-438,-639,-632,-575,-503,-29973,-29974,-29974,0,0,0,-29974,-29975,-29975,-29976,-29975,-29976,-29976,-29977,-29977,-29978,-29977,-29976,-29976,-29976,-29972,-5181]} 1. e4 e6 2. d4 d5 3. Nc3 Bb4 4. e5 c5 5. a3 Ba5 6. b4 cxd4 {[#]} 7. Qg4 $1 Kf8 {C18: French: 3 Nc3 Bb4: Main line: 7 h4 and 7 Qg4.} 8. Nb5 Bc7 (8... Bb6 $11) 9. Nf3 (9. Qxd4 $5 {[%cal Rd4c5]} Ne7 10. Nxc7 Qxc7 11. Nf3 $14) 9... Nc6 {[%cal Bb8c6,Bc6e5,Be5f7][%mdl 32] The position is equal.} 10. Qg3 {[#]} f6 $146 {[%cal Rc7e5]} ({Predecessor:} 10... a5 11. Nxc7 Qxc7 12. b5 Nb4 13. Nxd4 Nxc2+ 14. Nxc2 Qxc2 15. a4 Ne7 16. Ba3 Bd7 17. Bd3 Qc3+ 18. Ke2 Rc8 19. Rhc1 Qb3 20. Rxc8+ Bxc8 21. Qg5 {1-0 (21) Potthammel,J (2074)-Jentsch,D (2171) Finsterbergen 2009}) 11. Nxc7 Qxc7 12. Bf4 (12. exf6 $1 $11 Qxg3 13. hxg3 gxf6 14. b5) 12... g5 $15 13. Bd2 Nxe5 14. Nxd4 Bd7 15. f4 (15. h4 $11) 15... Nf7 16. Bb5 {[#]} (16. Nb5 $15 {deserves consideration.} Bxb5 17. Bxb5) 16... Qb6 $1 17. Bxd7 Qxd4 18. Rd1 {[%cal Rf4g5]} Qe4+ 19. Kf2 gxf4 $1 20. Bxf4 {Rhe1 is the strong threat.} e5 $36 {[%mdl 2048] Black has good play.} (20... Qxc2+ 21. Rd2 Qf5 22. Qf3 $11) 21. Bc1 Ne7 22. Rhf1 Rg8 (22... Qxc2+ 23. Kg1 Qg6 24. Qh3 $11 (24. Qxg6 hxg6 25. Rxf6 Kg7 $11)) 23. Qh3 Qxc2+ (23... Rd8 $1 $17 {[%cal Rd8d7] And now ...Rxd7! would win.} 24. g3 Qxc2+ 25. Kg1 Rg6) 24. Kg1 Rg6 $1 25. Be6 Qc6 26. Rd3 (26. Rde1 $1 $11) 26... Kg7 $1 $17 {[%cal Bf8g7,Bg7f7,Bf7e6,Be6d7][%mdl 32]} 27. Bxf7 Kxf7 28. Qxh7+ Ke6 $1 (28... Rg7 $6 29. Qh5+ Ke6 30. Rdf3 $11) 29. Qh3+ f5 $1 30. Rc3 (30. Rd2 $17) 30... Qb6+ 31. Rc5 (31. Kh1 $17) 31... Rag8 $19 32. Rf2 Qd6 33. Qc3 Kd7 {To avoid Rc7+} 34. Qd3 b6 35. Rcc2 Rg4 36. Qa6 Ke6 37. Qxa7 Rc4 38. Rxc4 (38. Qa4 $142) 38... dxc4 {[%cal Bd5c4,Bc4c3][%mdl 32]} 39. Be3 c3 $1 40. Qa4 f4 {[%cal Bf5f4,Bf4f3][%mdl 32] Active counter play!} 41. Bc1 (41. Qb3+ $142 Qd5 42. Qxc3 fxe3 43. Qxe3 Qd1+ 44. Rf1) 41... Qd4 42. Qc2 f3 {( -> ...Rxg2+)} 43. Kf1 Qc4+ 44. Kg1 e4 45. h4 Rg4 46. Bg5 Nc6 47. Kh2 Ne5 {[%cal Og4g5] aiming for ...Rxg5!} 48. gxf3 exf3 {White must now prevent ...Re4.} 49. Qh7 {[#]} Rxg5 $1 {[%mdl 512]} 50. hxg5 {[%mdl 4096] Endgame Threatens to win with Qg8+. KQR-KQN} Qf4+ ({Resist} 50... Ng4+ 51. Kg3 Ne5 52. Qg8+ Kd6 53. Qxc4 Nxc4 54. g6 $18) 51. Kh3 Qg4+ $2 (51... Qxg5 52. b5 Kd5) 52. Kh2 Qf4+ $2 {The board is on fire.} ({Worse is} 52... Qxg5 53. Qe4 $17) (52... Kd6 53. Kh1 Qd4) 53. Kh3 $1 Qxg5 54. Qe4 (54. Qc2 $142 Qg1 55. b5) 54... Qg1 55. Qe3 {[#]} b5 ({Not} 55... Qg4+ 56. Kh2 $11) 56. Qb6+ (56. a4 $19 bxa4 57. b5) 56... Kf5 57. Qc5 Ke6 $2 (57... Ke4 {mates} 58. Re2+ fxe2 59. Qxg1 Nd3 60. Qg6+ Ke3 61. Qh6+ Nf4+ 62. Kg4 {[#]} e1=Q $1 63. Qxf4+ Kd3 64. Qf3+ Kc2 65. Qf5+ Kb2 66. Qf6 Kb1 67. Qf3 Qe6+ 68. Kg3 c2 69. Qd3 Qc4 70. Qg6 Ka2 71. Qg4 c1=Q 72. Qxc4+ bxc4 73. Kg4 Qd1+ 74. Kh3 c3 75. Kh4 c2 76. Kg5 c1=Q+ 77. Kf6 Qd6+ 78. Kf7 Qcc7+ 79. Kg8 Qdd8#) 58. Qb6+ $1 $11 (58. Qc8+ $2 Kd5 59. Rc2 Qh1+ 60. Kg3 Qe1+ 61. Kh3 Kd4 62. Qc5+ Ke4 $17) 58... Kf5 $2 {[%mdl 8192]} (58... Kf7 $11 59. Qb7+ Kg8 60. Qc8+ Kh7 61. Qf5+ Kg8 62. Qc8+ Kh7 63. Qf5+ Kg8 64. Qc8+) 59. Qc5 Ke4 {Black mates.} 60. Re2+ fxe2 61. Qxg1 Nd3 62. Qg6+ Ke3 63. Qh6+ Nf4+ 64. Kg4 {[#]} e1=Q $1 65. Qxf4+ Kd3 66. Qd6+ Kc2 {Weighted Error Value: White=0.54/Black=0.41} 0-1

[Event "Azerbaijan Championship 2022"]
[Site "Nakhchivan"]
[Date "2022.02.11"]
[Round "7.2"]
[White "Iskandarov, Misratdin"]
[Black "Ibrahimli, Murad"]
[Result "1-0"]
[WhiteElo "2566"]
[BlackElo "2418"]
[Annotator "TA"]
[PlyCount "83"]
[EventDate "2022.02.05"]
[EventCountry "AZE"]
[SourceTitle "playchess.com"]
[Source "ChessBase"]
[SourceQuality "1"]

{[%evp 18,83,17,22,48,45,36,35,35,32,77,68,73,69,58,61,60,69,60,61,60,68,79,86,121,118,132,81,147,144,169,154,156,151,166,170,143,151,152,15,22,-9,-8,-8,79,89,247,-178,262,264,845,886,886,886,886,886,886,881,822,822,818,804,6070,5854,1687,1120,1244,679]} 1. e4 e5 2. Nf3 Nc6 3. Bb5 a6 4. Ba4 Nf6 5. O-O Be7 6. Re1 b5 7. Bb3 O-O 8. a4 Bb7 9. d3 d6 10. Bd2 Rb8 {C88: Closed Ruy Lopez: Anti-Marshall Systems.} 11. axb5 axb5 12. Nc3 Bc8 {White is slightly better.} 13. Nd5 h6 (13... Nxd5 $14 14. exd5 Nd4) 14. c3 $16 {[%cal Bc2c3,Bc3d4,Bd4d5][%mdl 32]} Re8 15. h3 Bf8 {[#]} 16. d4 $146 ({Predecessor:} 16. Nh2 Nxd5 17. Bxd5 Ne7 18. Bb3 Ng6 19. d4 c5 20. Qf3 Be6 21. Bxe6 Rxe6 22. d5 {1-0 (41) Ciric,D-Mestrovic,Z Sarajevo 1968}) 16... exd4 17. cxd4 Nxd5 18. Bxd5 Ne7 19. Bb3 Ng6 20. Ra7 Bb7 21. d5 Ne5 22. Bc3 (22. Nd4 $142 $1) 22... Qc8 (22... Qd7 $142) 23. Nd4 b4 24. Bxb4 Bxd5 25. Bxd5 (25. exd5 $6 Rxb4 26. Re3 g6 $11) 25... Rxb4 26. Qd2 $1 Rb6 27. Rc1 c6 28. Qa5 {White is much more active.} (28. Qe3 $1 $16) 28... Qb8 $1 $11 29. Ba2 {[%cal Oa7f7]} (29. Bxc6 Rc8 30. Ra6 Rxa6 31. Qxa6 Qxb2 $1 $15) 29... d5 30. exd5 Bb4 (30... cxd5 $11 31. Bxd5 Rd6) 31. Qa4 $36 {[%mdl 2048] White is on the roll.} Nd3 $2 {[#]} (31... cxd5 $16 32. Bxd5 Rf8) 32. d6 $4 {[%mdl 8192]} Qxd6 $4 {[%mdl 8192]} ({Much less strong is} 32... Nxc1 33. Bxf7+ Kh8 34. Bxe8 Qxd6 {[#]} 35. Ra8 $1 $18 (35. Nxc6 $2 Ne2+ 36. Kf1 Qd2 $19)) (32... Bxd6 $19 33. Nxc6 (33. Bxf7+ $2 Kh8 $19) 33... Nxc1 $1 34. Bxf7+ Kh8 35. Bxe8 Qxe8) 33. Bxf7+ $18 {[%cal Ba2f7,Bf7e8,Be8g6][%mdl 32]} Kf8 $2 (33... Kh8) 34. Bxe8 {White is clearly winning.} Qxd4 35. Bg6 {Intending Rf7+ and mate.} Qxf2+ 36. Kh1 Nxc1 37. Rf7+ Qxf7 38. Qa8+ Ke7 39. Bxf7 {Strongly threatening Qa7+.} Bc5 40. Qe8+ Kd6 41. Qd8+ Ke5 42. Qd2 {Weighted Error Value: White=0.37/Black=0.39} 1-0